000 01004cam a2200301 i 4500
001 349899
003 OSt
005 20231208145431.0
008 760916s1976 enkab b 001 0 eng
010 _a 76366598
015 _aGB76-11164
020 _a8126406348
020 _a0856210544 :
040 _aDLC
_cDLC
_dDLC
043 _aa-ii---
050 0 0 _aDS485.T7
_bJ36 1976b
082 0 0 _a301.295483
_bJEF/N
100 _aJeffrey, Robin
_91767
245 1 4 _aNAYAR MEDHAVITHVATHINTE PATHANAM = The decline of Nayar dominance :
_bsociety and politics in Travancore, 1847-1908 /
_cRobin Jeffrey.
250 _a11th ed.
260 _bD C Books,
_c2023.
300 _a438 p. :
_b1 ill., map ;
_c25 cm.
650 0 _aNairs.
651 0 _aTravancore (Princely State)
_xPolitics and government.
651 0 _aTravancore (Princely State)
_xSocial conditions.
906 _a7
_bcbc
_corignew
_du
_encip
_f19
_gy-gencatlg
942 _2ddc
_cBK
_h301.295483
_iJEF/N
_k301.295483
_mJEF/N
999 _c44190
_d44190